000 01346nam0a22003131 4500
001 rc\4042566
005 20260407071140.0
021 _aRU
_b[52-27158]
035 _a(NLR Aleph) 008100393
090 _a9240386
_c9240386
100 _a20130415d1952 |||y0rusy50 ca
101 0 _arus
102 _aRU
105 _ay z |||||
200 1 _aВклад академика Т.Д. Лысенко в мичуринскую биологическую науку
_fВсесоюз. о-во по распространению полит. и науч. знаний. Ленингр. отд-ние
210 _aЛенинград
_cБ. и.
_d1952
215 _a36 с.
_d29
300 _aПеред загл. авт.: канд. с.-х. наук А.П. Иванов
300 _aСтеклогр. изд.
606 _aАгробиология
_2psbo
606 _aМичуринское учение в биологии
_2psbo
700 1 _7ca
_8rus
_aИванов
_bА. П.
_cканд. с.-х. наук
_f1903-
_gАлександр Павлович
_9226655
_3RU\NLR\AUTH\770226711
702 1 _4070
_7ca
_8rus
_aЛысенко
_bТ. Д.
_f1898-1976
_gТрофим Денисович
_9252174
_3RU\NLR\AUTH\770252230
801 0 _aRU
_bNLR
_gpsbo
801 1 _aRU
_bELAR
_2rusmarc
852 _aNLR
_jБл02 Г-8/88
942 _cBOOK
980 _aNB